[Event "2ème Open des Vins du Médoc à Hourtin"]
[Site "Hourtin ; France"]
[Date "2016.07.07"]
[Round "7.7"]
[White "Grelier, Gilles"]
[Black "Lagunes, Matthieu"]
[Result "1-0"]
[WhiteElo "1802"]
[BlackElo "1918"]
[PlyCount "119"]
[EventDate "2016.??.??"]

1. d4 g6 2. c4 Bg7 3. Nc3 c5 4. d5 Bxc3+ 5. bxc3 f5 6. Nh3 Nf6 7. f3 b5 8. e3
Qa5 9. Bd2 bxc4 10. Bxc4 Ba6 11. Qb3 d6 12. Be2 Bxe2 13. Kxe2 c4 14. Qxc4 Nbd7
15. Nf4 O-O 16. Qd4 Rfc8 17. c4 Qa6 18. Rhc1 Ne5 19. Kf2 Nxc4 20. Bc3 Ne5 21.
Rc2 Rc4 22. Qd2 Rac8 23. Rac1 Qa4 24. Nd3 Nxd3+ 25. Qxd3 R4c5 26. Kg3 Rxd5 27.
Bd4 Rxc2 28. Qxc2 Rxd4 29. exd4 Qxd4 30. Qc4+ Qd5 31. Qxd5+ Nxd5 32. Rc8+ Kf7
33. Ra8 f4+ 34. Kf2 Ke6 35. Rxa7 Nc3 36. g3 g5 37. gxf4 gxf4 38. Ra3 Nb5 39.
Ra5 Nc3 40. a3 d5 41. Ra6+ Ke5 42. Rh6 d4 43. Rxh7 Kd6 44. Ke1 e5 45. h4 e4 46.
Rh6+ Ke5 47. Rh5+ Kf6 48. fxe4 Nxe4 49. Rd5 d3 50. Rxd3 Kf5 51. h5 Kg4 52. h6
Nf6 53. Rd6 Ne4 54. Re6 Nc5 55. h7 Nxe6 56. h8=Q Kf5 57. a4 Ke4 58. a5 f3 59.
Qe8 Kd5 60. Qxe6+ 1-0

[Event "2ème Open des Vins du Médoc à Hourtin"]
[Site "Hourtin ; France"]
[Date "2016.07.07"]
[Round "7.8"]
[White "Martin, Eric"]
[Black "Labarthe, Francois"]
[Result "1-0"]
[WhiteElo "1888"]
[BlackElo "1625"]
[PlyCount "73"]
[EventDate "2016.??.??"]

1. e4 c5 2. Nf3 Nc6 3. d4 cxd4 4. Nxd4 Nf6 5. Nc3 e5 6. Ndb5 d6 7. Nd5 Nxd5 8.
exd5 Nb8 9. c4 Be7 10. Be2 O-O 11. O-O f5 12. f3 a6 13. Nc3 Qb6+ 14. Kh1 Nd7
15. Na4 Qc7 16. Be3 Nc5 17. b4 Nxa4 18. Qxa4 Bd7 19. Qb3 b6 20. a4 f4 21. Bg1
Rfb8 22. Rfc1 a5 23. c5 bxc5 24. Bxc5 Qd8 25. b5 Kh8 26. Bf2 Bh4 27. Bg1 Bf6
28. Ra2 Rc8 29. Rac2 Rxc2 30. Rxc2 Rc8 31. Bd3 g6 32. b6 Rxc2 33. Bxc2 Qb8 34.
b7 Bd8 35. Ba7 Bxa4 36. Bxb8 Bxb3 37. Bxb3 1-0

[Event "2ème Open des Vins du Médoc à Hourtin"]
[Site "Hourtin ; France"]
[Date "2016.07.07"]
[Round "7.9"]
[White "Vandomel, Fabrice"]
[Black "Cazeaux, Didier"]
[Result "1/2-1/2"]
[WhiteElo "1701"]
[BlackElo "1825"]
[PlyCount "82"]
[EventDate "2016.??.??"]

1. e4 c5 2. c3 d5 3. exd5 Qxd5 4. d4 Nf6 5. Nf3 Bg4 6. Be2 Nc6 7. h3 Bh5 8. c4
Qf5 9. g4 Nxg4 10. hxg4 Bxg4 11. d5 O-O-O 12. Nc3 e6 13. Nh4 Qe5 14. f4 Bxe2
15. Qxe2 Qxe2+ 16. Kxe2 exd5 17. Nxd5 g6 18. Rb1 Bg7 19. Nf3 f5 20. Kf2 Na5 21.
b3 b5 22. Ne3 a6 23. Bb2 Bd4 24. cxb5 axb5 25. Nxd4 cxd4 26. Rbc1+ Kb7 27. Nc2
Nc6 28. Nxd4 Nb4 29. Rcd1 Rhe8 30. a3 Nd5 31. Ne2 h5 32. Rh3 Rxe2+ 33. Kxe2
Nxf4+ 34. Kf3 Rxd1 35. Kxf4 Rf1+ 36. Kg5 Rg1+ 37. Kf4 Rf1+ 38. Kg3 Rd1 39. Kf4
Rf1+ 40. Kg3 Rd1 41. Kf4 Rf1+ 1/2-1/2

[Event "2ème Open des Vins du Médoc à Hourtin"]
[Site "Hourtin ; France"]
[Date "2016.07.07"]
[Round "7.10"]
[White "Dubertrand, Bernard"]
[Black "Lagunes, Robin"]
[Result "0-1"]
[WhiteElo "1583"]
[BlackElo "1814"]
[PlyCount "86"]
[EventDate "2016.??.??"]

1. e4 d6 2. Nf3 Nf6 3. Nc3 c5 4. Be2 Nc6 5. d4 cxd4 6. Nxd4 g6 7. h3 Bg7 8. Nf3
O-O 9. O-O a6 10. Be3 b5 11. a3 Bb7 12. Bd3 e6 13. Ne2 Qc7 14. c3 d5 15. exd5
Nxd5 16. Bg5 h6 17. Bd2 e5 18. Qc1 Kh7 19. Be4 Nb6 20. b3 f5 21. Bc2 Rac8 22.
Rd1 Ne7 23. Ne1 Nbd5 24. a4 e4 25. Nd4 Nxc3 26. Ne6 Ne2+ 27. Kf1 Nxc1 28. Nxc7
Bxa1 29. Rxc1 Rxc7 30. Rxa1 Nd5 31. axb5 axb5 32. Bd1 Ra8 33. Rxa8 Bxa8 34. Nc2
Nc3 35. Ke1 Nxd1 36. Kxd1 Rd7 37. Ke2 Rd3 38. b4 Bd5 39. f3 Bc4 40. Ne3 Rb3+
41. Ke1 exf3 42. gxf3 f4 43. Nxc4 bxc4 0-1

[Event "2ème Open des Vins du Médoc à Hourtin"]
[Site "Hourtin ; France"]
[Date "2016.07.08"]
[Round "8.1"]
[White "Favarel, Antoine"]
[Black "Lagunes, Jean-Renaud"]
[Result "1-0"]
[WhiteElo "2363"]
[BlackElo "2009"]
[PlyCount "47"]
[EventDate "2016.??.??"]

1. d4 Nf6 2. Nf3 g6 3. c4 Bg7 4. g3 O-O 5. Nc3 c6 6. Bg2 d6 7. O-O Qc7 8. e4
Bg4 9. h3 Bxf3 10. Bxf3 Nbd7 11. Be3 a6 12. a4 a5 13. Be2 e6 14. f4 d5 15. e5
Ne4 16. Nxe4 dxe4 17. d5 exd5 18. cxd5 Bxe5 19. dxc6 bxc6 20. fxe5 Qxe5 21. Bf4
Qxb2 22. Rb1 Qa2 23. Bh6 Rfd8 24. Qd4 1-0

[Event "2ème Open des Vins du Médoc à Hourtin"]
[Site "Hourtin ; France"]
[Date "2016.07.08"]
[Round "8.2"]
[White "Grandmougin, Olivier"]
[Black "Ollier, Pablo"]
[Result "0-1"]
[WhiteElo "1922"]
[BlackElo "2362"]
[PlyCount "101"]
[EventDate "2016.??.??"]

1. f4 d5 2. Nf3 Bg4 3. e3 Nd7 4. Be2 e6 5. O-O Ngf6 6. c4 c6 7. b3 a5 8. d3 a4
9. Ba3 Qb6 10. Nd4 Bxe2 11. Qxe2 axb3 12. axb3 Bb4 13. Bxb4 Rxa1 14. Ba3 Nc5
15. Qb2 Rxa3 16. Qxa3 O-O 17. b4 Ncd7 18. c5 Qc7 19. Nd2 e5 20. Nf5 g6 21. fxe5
Nxe5 22. Nd6 Ne8 23. d4 Ng4 24. b5 h5 25. e4 Nxd6 26. cxd6 Qb6 27. Qc5 Qa5 28.
d7 Qxd2 29. Qxf8+ Kxf8 30. d8=Q+ Kg7 31. Qh4 Qxd4+ 32. Kh1 dxe4 33. bxc6 bxc6
34. Qe1 c5 35. h3 Nh6 36. Rf4 Nf5 37. g4 Qe5 38. Rf2 Ng3+ 39. Kg2 h4 40. Ra2
Qd5 41. Qc3+ Kh7 42. Rd2 Qb7 43. Qxc5 Qb1 44. Qg1 Qb3 45. Qd1 Qe6 46. Rd6 Qe5
47. Rd7 Qf4 48. Rd4 Kh6 49. Qd2 Qxd2+ 50. Rxd2 Kg5 51. Kf2 0-1

[Event "2ème Open des Vins du Médoc à Hourtin"]
[Site "Hourtin ; France"]
[Date "2016.07.08"]
[Round "8.3"]
[White "Wohl, Aleksandar H"]
[Black "Grelier, Gilles"]
[Result "1-0"]
[WhiteElo "2354"]
[BlackElo "1802"]
[PlyCount "71"]
[EventDate "2016.??.??"]

1. e4 c5 2. Nf3 e6 3. b3 d6 4. Bb2 Nf6 5. e5 Nd5 6. c4 Nb6 7. exd6 Qxd6 8. Nc3
Nc6 9. Be2 f6 10. Nb5 Qd8 11. d4 cxd4 12. Nfxd4 Bb4+ 13. Kf1 Nxd4 14. Qxd4 O-O
15. Rd1 Qxd4 16. Bxd4 Rd8 17. f4 Bd7 18. Nxa7 Nc8 19. Nxc8 Bxc8 20. a4 Ra5 21.
Bb6 Rxd1+ 22. Bxd1 Rf5 23. g3 e5 24. Bg4 Rxf4+ 25. gxf4 Bxg4 26. fxe5 fxe5 27.
Kf2 Bf5 28. Ke3 Be7 29. Kd2 Bb4+ 30. Kc1 Ba3+ 31. Kd1 Bg4+ 32. Kc2 Bb4 33. Bc7
Bf5+ 34. Kb2 e4 35. Bb6 Bd2 36. Bd4 1-0

[Event "2ème Open des Vins du Médoc à Hourtin"]
[Site "Hourtin ; France"]
[Date "2016.07.08"]
[Round "8.4"]
[White "Arnaud, Aurelien"]
[Black "Velten, Paul"]
[Result "0-1"]
[WhiteElo "1663"]
[BlackElo "2496"]
[PlyCount "92"]
[EventDate "2016.??.??"]

1. e4 e6 2. d4 c5 3. c3 Nf6 4. Bd3 Nc6 5. Ne2 d5 6. e5 Nd7 7. Nd2 Be7 8. O-O b6
9. f4 g6 10. Nf3 c4 11. Bc2 h6 12. Kh1 Nf8 13. Neg1 Bd7 14. Nh3 b5 15. Nf2 Qb6
16. a3 a5 17. Bd2 Rb8 18. Qb1 b4 19. g4 h5 20. g5 bxa3 21. bxa3 Qxb1 22. Rfxb1
Rxb1+ 23. Rxb1 Bxa3 24. Ba4 Be7 25. Rb6 Nd8 26. Bxd7+ Kxd7 27. Rb5 Nc6 28. Nd1
Kc7 29. Nb2 Nd7 30. Na4 Ba3 31. Ne1 Rb8 32. Rxb8 Ncxb8 33. Nc2 Be7 34. Kg1 Nb6
35. Nxb6 Kxb6 36. Kf1 Kb5 37. Ke1 Ka4 38. Kd1 Kb3 39. Kc1 Ba3+ 40. Kb1 Bb2 41.
Na1+ Bxa1 42. Kxa1 a4 43. h4 a3 44. Be1 a2 45. Bd2 Nc6 46. Be1 Na7 0-1

[Event "2ème Open des Vins du Médoc à Hourtin"]
[Site "Hourtin ; France"]
[Date "2016.07.08"]
[Round "8.5"]
[White "Pflaum, Stefan"]
[Black "Randrianaina, Merlin"]
[Result "1-0"]
[WhiteElo "2077"]
[BlackElo "1705"]
[Annotator "Violeau,Jean-Luc"]
[PlyCount "45"]
[EventDate "2016.??.??"]

1. d4 Nf6 2. c4 e6 3. Nc3 d5 4. Nf3 Bd6 5. Bg5 Be7 6. e3 O-O 7. Qc2 Nbd7 8.
cxd5 exd5 9. Bd3 Re8 10. O-O Nf8 11. Rab1 c6 12. b4 b6 13. Rfc1 Bb7 14. Ne2 Ng6
15. Ng3 Ne4 16. Bxe7 Rxe7 17. Nxe4 dxe4 18. Bxe4 Qd6 19. b5 cxb5 20. Bxb7 Rxb7
21. Rxb5 a6 22. Rb3 b5 23. Rc3 {puis gain blanc au coup 57.} 1-0

[Event "2ème Open des Vins du Médoc à Hourtin"]
[Site "Hourtin ; France"]
[Date "2016.07.08"]
[Round "8.6"]
[White "Wohlers-Armas, Friederike"]
[Black "Hielscher, Ursula"]
[Result "1/2-1/2"]
[WhiteElo "1987"]
[BlackElo "1868"]
[PlyCount "123"]
[EventDate "2016.??.??"]

1. d4 Nf6 2. c4 g6 3. Nc3 Bg7 4. e4 d6 5. f3 O-O 6. Be3 c6 7. Qd2 a6 8. g4 e5
9. d5 cxd5 10. cxd5 b5 11. Bd3 Nbd7 12. Nge2 Nc5 13. Bc2 b4 14. Na4 Bxg4 15.
fxg4 Nfxe4 16. Bxe4 Nxe4 17. Qd3 Qh4+ 18. Ng3 Nxg3 19. Bf2 Qxg4 20. Bxg3 Rfb8
21. Qe2 Qd7 22. b3 Rb5 23. Rd1 Rc8 24. O-O Qb7 25. Bf2 Rc7 26. Qd2 Qc8 27. Rc1
Qg4+ 28. Bg3 Rxc1 29. Rxc1 h5 30. Qd1 Qg5 31. Rc8+ Kh7 32. Qf3 h4 33. Qxf7 hxg3
34. Rc7 Qe3+ 35. Kg2 Qf2+ 36. Qxf2 gxf2 37. Rc6 Rxd5 38. Kxf2 Rd2+ 39. Ke3 Rxh2
40. Rxd6 Rxa2 41. Rxa6 Ra3 42. Ke4 Rxb3 43. Nc5 Rb1 44. Ne6 Re1+ 45. Kd3 e4+
46. Kc4 Bc3 47. Nf8+ Kg7 48. Nxg6 e3 49. Kd3 Bd2 50. Nf4 Rc1 51. Rb6 Rc3+ 52.
Ke2 Rc4 53. Nd3 Rh4 54. Kd1 Bc3 55. Ke2 Bd2 56. Kd1 Rh1+ 57. Ke2 Rb1 58. Ne5
Re1+ 59. Kd3 Bc3 60. Nf3 Rd1+ 61. Ke2 Rd7 62. Kxe3 1/2-1/2

[Event "2ème Open des Vins du Médoc à Hourtin"]
[Site "Hourtin ; France"]
[Date "2016.07.08"]
[Round "8.7"]
[White "Lagunes, Robin"]
[Black "Maruejols, Claude"]
[Result "0-1"]
[WhiteElo "1814"]
[BlackElo "1971"]
[Annotator "Violeau,Jean-Luc"]
[PlyCount "120"]
[EventDate "2016.??.??"]

1. e4 c5 2. Nf3 d6 3. d4 cxd4 4. Nxd4 Nf6 5. f3 Nc6 6. c4 e6 7. Be3 Be7 8. Nc3
O-O 9. Be2 d5 10. cxd5 exd5 11. exd5 Nb4 12. O-O Nfxd5 13. Nxd5 Nxd5 14. Bf2
Bg5 15. Qb3 Nf4 16. Bc4 Qf6 17. Rad1 a6 18. Rfe1 b5 19. Bf1 Bd7 20. Re4 Rfe8
21. Rde1 Rxe4 22. Rxe4 Rc8 23. Be3 Ne6 24. Nxe6 Bxe3+ 25. Qxe3 Bxe6 26. a4 g6
27. axb5 axb5 28. Qd4 {(=)} Qxd4+ 29. Rxd4 Rc1 30. Rd2 Bc4 31. Rf2 Kg7 32. g3
Rb1 33. Kg2 Bxf1+ 34. Rxf1 Rxb2+ 35. Kh3 b4 36. Rc1 b3 37. Rc6 Rf2 38. f4 b2
39. Rb6 h5 40. Rb7 Kf6 41. Rb5 Ke7 42. Rb6 f6 43. g4 hxg4+ 44. Kxg4 Rxh2 45. f5
g5 46. Kg3 Rc2 47. Kg4 Kd7 48. Kh5 Kc7 49. Rb3 Kd6 50. Kg6 g4 51. Kxf6 g3 52.
Rd3+ Kc5 53. Rxg3 b1=Q 54. Kg7 Qb7+ 55. Kg6 Qc6+ 56. f6 Qe4+ 57. Kg7 Qe5 58.
Rg6 Rf2 59. Kf7 Kd6 60. Rh6 Qe7+ 0-1

[Event "2ème Open des Vins du Médoc à Hourtin"]
[Site "Hourtin ; France"]
[Date "2016.07.08"]
[Round "8.9"]
[White "Cazeaux, Didier"]
[Black "Lagunes, Matthieu"]
[Result "1-0"]
[WhiteElo "1825"]
[BlackElo "1918"]
[PlyCount "53"]
[EventDate "2016.??.??"]

1. e4 e6 2. d3 c5 3. g3 Nc6 4. Bg2 d5 5. Nd2 Nf6 6. Ngf3 Bd6 7. O-O Qc7 8. Re1
Bd7 9. c3 h5 10. Qe2 h4 11. e5 hxg3 12. hxg3 O-O-O 13. exd6 Qxd6 14. Nf1 Nh5
15. Ne5 Nxe5 16. Qxe5 Qe7 17. Bf4 Nxf4 18. Qxf4 g5 19. Qe5 Qf8 20. Qxg5 f6 21.
Qe3 d4 22. cxd4 cxd4 23. Rac1+ Kb8 24. Qe4 Qb4 25. a3 Qb5 26. Qxd4 Bc6 27. Bxc6
1-0

[Event "2ème Open des Vins du Médoc à Hourtin"]
[Site "Hourtin ; France"]
[Date "2016.07.08"]
[Round "8.10"]
[White "Duvette, Michel"]
[Black "Vandomel, Fabrice"]
[Result "0-1"]
[WhiteElo "1353"]
[BlackElo "1701"]
[PlyCount "88"]
[EventDate "2016.??.??"]

1. d4 Nf6 2. c4 c5 3. d5 b5 4. Nf3 Bb7 5. Qb3 b4 6. Qc2 g6 7. b3 Bg7 8. Bb2 O-O
9. e4 d6 10. Bd3 Nbd7 11. O-O Qc7 12. Nbd2 a5 13. Rfe1 Ne5 14. Nxe5 dxe5 15. f4
exf4 16. e5 Ng4 17. Nf3 f6 18. exf6 exf6 19. Re6 Ne3 20. Qb1 Bc8 21. Rc6 Qa7
22. Bxg6 hxg6 23. Qxg6 Bf5 24. Qh5 Rac8 25. Nh4 Bg4 26. Qg6 Rxc6 27. dxc6 Qf7
28. Qe4 f5 29. Qb1 Bxb2 30. Qxb2 Qf6 31. Qxf6 Rxf6 32. c7 Rc6 33. c8=Q+ Rxc8
34. Nf3 Bxf3 35. gxf3 Kf7 36. Kf2 Rd8 37. a3 Nc2 38. Ra2 Rd2+ 39. Kg1 Rd1+ 40.
Kf2 Nxa3 41. Rb2 Rb1 42. Rxb1 Nxb1 43. Ke2 Nc3+ 44. Kd2 Kg6 0-1

[Event "2ème Open des Vins du Médoc à Hourtin"]
[Site "Hourtin ; France"]
[Date "2016.07.09"]
[Round "9.1"]
[White "Maruejols, Claude"]
[Black "Favarel, Antoine"]
[Result "0-1"]
[WhiteElo "1971"]
[BlackElo "2363"]
[PlyCount "82"]
[EventDate "2016.??.??"]

1. d4 Nf6 2. c4 e6 3. Nc3 Bb4 4. e3 O-O 5. Bd3 d5 6. Nf3 dxc4 7. Bxc4 c5 8. O-O
Nc6 9. a3 Ba5 10. Qd3 a6 11. dxc5 Qxd3 12. Bxd3 Bxc3 13. bxc3 Na5 14. Rb1 Bd7
15. Ne5 Rfc8 16. Nxd7 Nxd7 17. c6 Rxc6 18. Be4 Rc7 19. Rd1 Rac8 20. Bd2 b5 21.
Be1 Nb6 22. Rd6 Nac4 23. Rd4 f5 24. Bd3 e5 25. Bxc4+ Nxc4 26. Rd5 Nxa3 27. Rb2
Nc4 28. Ra2 Rc6 29. Kf1 Re8 30. Rd7 Ree6 31. Ke2 Rcd6 32. Rb7 e4 33. h3 h5 34.
Ra7 h4 35. Kf1 Kh7 36. Kg1 Kh6 37. Kh2 Rd1 38. Re2 g5 39. g3 Ne5 40. Kg2 Nf3
41. Kf1 Rc6 0-1

[Event "2ème Open des Vins du Médoc à Hourtin"]
[Site "Hourtin ; France"]
[Date "2016.07.09"]
[Round "9.2"]
[White "Ollier, Pablo"]
[Black "Martin, Eric"]
[Result "1-0"]
[WhiteElo "2362"]
[BlackElo "1888"]
[PlyCount "45"]
[EventDate "2016.??.??"]

1. d4 d6 2. Nf3 Bg4 3. Qd3 c6 4. Ng5 Nf6 5. Qb3 d5 6. Qxb7 Nbd7 7. Qxc6 Rc8 8.
Qa4 Rc4 9. Qxa7 e5 10. e3 Rxc2 11. Nc3 Qc8 12. Ba6 Qd8 13. Bd3 Rxc1+ 14. Rxc1
e4 15. Be2 Bd6 16. Bxg4 Nxg4 17. Nxd5 O-O 18. Nxe4 Bb8 19. Qa4 f5 20. h3 Qh4
21. Qxd7 Nh2 22. Qe6+ Kh8 23. Rc8 1-0

[Event "2ème Open des Vins du Médoc à Hourtin"]
[Site "Hourtin ; France"]
[Date "2016.07.09"]
[Round "9.3"]
[White "Lagunes, Jean-Renaud"]
[Black "Wohl, Aleksandar H"]
[Result "0-1"]
[WhiteElo "2009"]
[BlackElo "2354"]
[PlyCount "56"]
[EventDate "2016.??.??"]

1. e4 e5 2. Nf3 Nc6 3. Bb5 Nge7 4. O-O g6 5. c3 a6 6. Ba4 Bg7 7. Qe2 O-O 8. Rd1
d6 9. h3 d5 10. d3 h6 11. Nbd2 b5 12. Bb3 Bb7 13. a3 Kh7 14. g4 f5 15. gxf5
gxf5 16. Ng5+ hxg5 17. exd5 Nxd5 18. Qh5+ Bh6 19. Nf3 Nf4 20. Bxf4 gxf4 21. h4
Qf6 22. Ng5+ Kh8 23. Kh2 Ne7 24. Rg1 Bc6 25. Nf7+ Rxf7 26. Bxf7 Kh7 27. Rg5 Rf8
28. Rag1 Rxf7 0-1

[Event "2ème Open des Vins du Médoc à Hourtin"]
[Site "Hourtin ; France"]
[Date "2016.07.09"]
[Round "9.4"]
[White "Velten, Paul"]
[Black "Pflaum, Stefan"]
[Result "1-0"]
[WhiteElo "2496"]
[BlackElo "2077"]
[PlyCount "59"]
[EventDate "2016.??.??"]

1. e4 e5 2. Nf3 Nc6 3. Bc4 Nf6 4. d3 Be7 5. O-O O-O 6. Re1 d6 7. a3 Bg4 8. h3
Bh5 9. Bg5 h6 10. Bxf6 Bxf6 11. g4 Bg6 12. Nbd2 Bg5 13. Nxg5 Qxg5 14. Re3 Nd4
15. Nf3 Nxf3+ 16. Qxf3 Qh4 17. Qg2 Kh8 18. Rf1 Qe7 19. f4 f6 20. f5 Bf7 21.
Bxf7 Rxf7 22. h4 Kg8 23. Rg3 Kf8 24. g5 hxg5 25. hxg5 Ke8 26. gxf6 gxf6 27.
Rg8+ Rf8 28. Qg6+ Qf7 29. Rg7 Qxg6+ 30. fxg6 1-0